| Tag |
First Indicator |
Second Indicator |
Subfields |
| LEADER |
00000cas a2200000 a 4500 |
| 001 |
in00002787326 |
| 005 |
20151202172152.0 |
| 006 |
m o d |
| 007 |
cr ||||||||||| |
| 008 |
120518d19741976it qr poo o 0 0eng c |
| 010 |
|
|
|a 2012235299
|
| 022 |
|
|
|l 0393-456X
|y 0393-456X
|
| 029 |
1 |
|
|a NZ1
|b 14675128
|
| 035 |
|
|
|a (OCoLC)ocn793922327
|
| 035 |
|
|
|a (OCoLC)793922327
|
| 040 |
|
|
|a EYM
|c EYM
|d EYM
|d CGU
|d HUL
|d OCLCQ
|d TXA
|d UtOrBLW
|
| 041 |
0 |
|
|a eng
|a fre
|
| 042 |
|
|
|a pcc
|
| 043 |
|
|
|a f------
|
| 049 |
|
|
|a TXAM
|
| 050 |
1 |
4 |
|a HC800.A1
|b F56 Electronic
|
| 245 |
0 |
0 |
|a Finafrica bulletin.
|
| 264 |
|
1 |
|a Milano :
|b Cassa di Risparmio delle Provincie Lombarde,
|c 1974-1976.
|
| 310 |
|
|
|a Quarterly
|
| 336 |
|
|
|a text
|b txt
|2 rdacontent
|
| 337 |
|
|
|a computer
|b c
|2 rdamedia
|
| 338 |
|
|
|a online resource
|b cr
|2 rdacarrier
|
| 362 |
1 |
|
|a Began with: Vol. 1, no. 1 (1974); ceased with: Vol. 3, no. 4 (1976).
|
| 546 |
|
|
|a In English and French.
|
| 588 |
|
|
|a Description based on: Vol. 1, no. 1 (1974); title from PDF cover (JSTOR, viewed May 18, 2012).
|
| 588 |
|
|
|a Latest issue consulted: Vol. 3, no. 4 (1976) (JSTOR, viewed May 18, 2012).
|
| 500 |
|
|
|a Electronic resource.
|
| 650 |
|
0 |
|a Banks and banking
|z Africa
|v Periodicals.
|
| 650 |
|
0 |
|a Agricultural credit
|z Africa
|v Periodicals.
|
| 710 |
2 |
|
|a Cassa di risparmio delle provincie lombarde.
|
| 776 |
0 |
8 |
|i Print version:
|t Finafrica bulletin
|x 0393-456X
|w (OCoLC)31260415
|
| 785 |
0 |
0 |
|t Savings and development
|w (DLC) 2012235298
|w (OCoLC)793922351
|
| 948 |
|
|
|a cataloged
|b h
|c 2012/12/20
|d c
|e spoltoratski
|f 5:09:04 pm
|g sc
|
| 994 |
|
|
|a C0
|b TXA
|
| 999 |
|
|
|a MARS
|
| 999 |
f |
f |
|s 4479874c-eca9-34d8-a3e0-6858f22ffe6b
|i a7de362c-0932-31a8-9b22-f57198313f78
|t 0
|
| 952 |
f |
f |
|a Texas A&M University
|b College Station
|c Electronic Resources
|d Available Online
|t 0
|e HC800.A1 F56
|g Electronic
|h Library of Congress classification
|
| 998 |
f |
f |
|a HC800.A1 F56
|t 0
|l Available Online
|